| 000 | 00445nab a2200145Ia 4500 | ||
|---|---|---|---|
| 003 | ES-SlBCS | ||
| 005 | 20220512172143.0 | ||
| 008 | 140529s1960 xxu||||| |||| 00| 0 ita d | ||
| 041 | _aita | ||
| 100 | 1 |
_aRaschini, Maria Adelaide _959783 |
|
| 245 | 0 | 0 |
_aEssere e reale; principio e causa _c Maria Adelaide Raschini |
| 650 | 0 | 4 |
_aSer-Real _9199636 |
| 773 | 0 |
_tGiornali di Metafisica _gvol. 15, nº. 4, 1960, págs. 421-433 _w0017-0372 |
|
| 942 | _cAR | ||
| 999 |
_c586874 _d586874 |
||